000 00445nam a22001817a 4500
003 koha_MIRAKIL
005 20231213095610.0
008 231213b |||||||| |||| 00| 0 ||| d
020 _b979-9-75878126-2
040 _aTR-IsEVY
_btur
_cTR-IsEVY
082 _a810 YIL/N
100 _aYILDIRIM, SELÇUK.
245 0 _aNASRETTİN HOCA FIKRALARI.
260 _bZafer,
_c2003
300 _a103.
650 _aTürk Edebiyatı.
942 _2ddc
_cBK
999 _c6316
_d6316